Án xưa tích cũ
Tallennettuna:
| Päätekijä: | |
|---|---|
| Aineistotyyppi: | Kirja |
| Kieli: | Undetermined |
| Julkaistu: |
Đồng Nai
Tổng hợp Đồng Nai
2003
|
| Aiheet: | |
| Tagit: |
Lisää tagi
Ei tageja, Lisää ensimmäinen tagi!
|
| Thư viện lưu trữ: | Trung tâm Học liệu Trường Đại học Cần Thơ |
|---|
| LEADER | 00569nam a2200205Ia 4500 | ||
|---|---|---|---|
| 001 | CTU_58022 | ||
| 008 | 210402s9999 xx 000 0 und d | ||
| 020 | |b 29000 | ||
| 082 | |a 398.2 | ||
| 082 | |b A105 | ||
| 100 | |a Lưu Đức Hạnh ... [et al.] | ||
| 245 | 0 | |a Án xưa tích cũ | |
| 245 | 0 | |c Lưu Đức Hạnh ... [et al.] | |
| 260 | |a Đồng Nai | ||
| 260 | |b Tổng hợp Đồng Nai | ||
| 260 | |c 2003 | ||
| 650 | |a folk literature | ||
| 650 | |x collections | ||
| 904 | |i Minh | ||
| 980 | |a Trung tâm Học liệu Trường Đại học Cần Thơ | ||